[Event "Florianopolis op 4th"]
[Site "Florianopolis"]
[Date "2018.01.19"]
[Round "1"]
[White "Andrade, Roberto Luiz Costa"]
[Black "Lima, Valdenicio Marcelin"]
[Result "0-1"]
[WhiteElo "2136"]
[BlackElo "1956"]
[PlyCount "69"]
[EventDate "2018.01.19"]
[EventType "swiss"]
[EventRounds "10"]
[EventCountry "BRA"]
[SourceTitle "CBM 182 Extra"]
[Source "ChessBase"]
[SourceDate "2018.02.23"]
[SourceVersion "1"]
[SourceVersionDate "2018.02.23"]
[SourceQuality "1"]

1. e4 c5 2. Nf3 d6 3. d4 cxd4 4. Nxd4 Nf6 5. Nc3 a6 6. Bg5 e6 7. f4 Nbd7 8. Bc4 Qb6 9. Bb3 Be7 10. f5 Nc5 11. fxe6 fxe6 12. 0-0 Nxb3 13. cxb3 e5 14. Bxf6 gxf6 15. Qh5+ Kd8 16. Kh1 exd4 17. Nd5 Qc6 18. Qh6 Qe8 19. Qd2 a5 20. Rac1 Qh5 21. Qxd4 Be6 22. Nc7 Kd7 23. Nxa8 Rxa8 24. Qb6 Rg8 25. Qxb7+ Ke8 26. Qc6+ Kf7 27. Qc2 Qg5 28. Rcd1 h5 29. Rd3 h4 30. h3 Qe5 31. Rdf3 Rg6 32. Rf4 d5 33. Rxh4 Bd6 34. Rhf4 Qg5 35. R4f3 0-1

[Event "Aldeia de Barueri op"]
[Site "Aldeia de Barueri"]
[Date "2017.08.05"]
[Round "3"]
[White "Itagyba, Renan Fortes"]
[Black "Lima, Valdenicio Marcelin"]
[Result "1/2-1/2"]
[WhiteElo "1724"]
[BlackElo "1979"]
[PlyCount "61"]
[EventDate "2017.08.04"]
[EventType "swiss"]
[EventRounds "6"]
[EventCountry "BRA"]
[SourceTitle "CBM 180 Extra"]
[Source "ChessBase"]
[SourceDate "2017.10.06"]
[SourceVersion "1"]
[SourceVersionDate "2017.10.06"]
[SourceQuality "1"]

1. c4 f5 2. Nc3 b6 3. Nf3 Nf6 4. d4 e6 5. e3 Bb7 6. Be2 d6 7. 0-0 Be7 8. b3 0-0 9. Bb2 Nbd7 10. Ng5 Qe8 11. Nxe6 Qg6 12. d5 Rfc8 13. Bf3 Ne5 14. Nb5 Ne8 15. Bh5 Qh6 16. Bxe8 Rxe8 17. Nbxc7 Ng4 18. h3 Nf6 19. Qd4 g5 20. Rfe1 Kf7 21. f3 Rg8 22. Nxa8 Bxa8 23. e4 g4 24. hxg4 fxg4 25. fxg4 Nxg4 26. Re2 Qh2+ 27. Kf1 Qh1+ 28. Qg1 Nh2+ 29. Kf2 Ng4+ 30. Kf1 Nh2+ 31. Kf2 1/2-1/2

[Event "Aldeia de Barueri op"]
[Site "Aldeia de Barueri"]
[Date "2017.08.04"]
[Round "2"]
[White "Costa, Iaggo Bernini"]
[Black "Lima, Valdenicio Marcelin"]
[Result "0-1"]
[WhiteElo "1457"]
[BlackElo "1979"]
[PlyCount "130"]
[EventDate "2017.08.04"]
[EventType "swiss"]
[EventRounds "6"]
[EventCountry "BRA"]
[SourceTitle "CBM 180 Extra"]
[Source "ChessBase"]
[SourceDate "2017.10.06"]
[SourceVersion "1"]
[SourceVersionDate "2017.10.06"]
[SourceQuality "1"]

1. e4 c5 2. Nf3 d6 3. d4 cxd4 4. Nxd4 Nf6 5. f3 a6 6. c4 g6 7. Be3 Bg7 8. Nc3 Nc6 9. Qd2 0-0 10. Be2 Bd7 11. 0-0 Nxd4 12. Bxd4 Bc6 13. Be3 Rc8 14. Bh6 Bxh6 15. Qxh6 Qb6+ 16. Kh1 Qxb2 17. Qe3 Qa3 18. Rfd1 b5 19. Nd5 Qxe3 20. Nxe3 b4 21. Nc2 Ba4 22. Rd2 Bxc2 23. Rxc2 Nd7 24. Rac1 Nc5 25. Kg1 a5 26. Kf2 Rb8 27. Rb1 Rfc8 28. Rcb2 Na4 29. Rb3 Nc3 30. R1b2 Nxe2 31. Kxe2 Rxc4 32. a3 Kg7 33. axb4 Rcxb4 34. Rxb4 Rxb4 35. Ra2 a4 36. Kd3 e5 37. Kc3 Rd4 38. g3 f5 39. exf5 gxf5 40. f4 Kf6 41. fxe5+ dxe5 42. Rb2 Rd6 43. Ra2 Ra6 44. Ra3 Ke6 45. Kc4 Rd6 46. Kc5 Rd4 47. h3 h5 48. h4 f4 49. gxf4 Rxf4 50. Rh3 Kf5 51. Kd5 Rd4+ 52. Kc5 Rd8 53. Kb4 Ra8 54. Rh1 a3 55. Ra1 a2 56. Kc3 Kg4 57. Kd3 Kxh4 58. Ke4 Ra5 59. Kf3 Ra4 60. Ke3 Kg4 61. Kf2 Kf5 62. Ke2 h4 63. Kf2 e4 64. Ke2 e3 65. Rb1 axb1Q 0-1

[Event "Aldeia de Barueri op"]
[Site "Aldeia de Barueri"]
[Date "2017.08.04"]
[Round "1"]
[White "Lima, Valdenicio Marcelin"]
[Black "Da Rosa, Henrique Jaze Simoe"]
[Result "1/2-1/2"]
[WhiteElo "1979"]
[BlackElo "1377"]
[PlyCount "48"]
[EventDate "2017.08.04"]
[EventType "swiss"]
[EventRounds "6"]
[EventCountry "BRA"]
[SourceTitle "CBM 180 Extra"]
[Source "ChessBase"]
[SourceDate "2017.10.06"]
[SourceVersion "1"]
[SourceVersionDate "2017.10.06"]
[SourceQuality "1"]

1. Nf3 d5 2. d4 Nf6 3. e3 e6 4. Bd3 Bd6 5. b3 0-0 6. Bb2 b6 7. 0-0 Nbd7 8. Ne5 Bb7 9. Nd2 c5 10. c4 Qc7 11. f4 Rac8 12. Rc1 Qb8 13. cxd5 Bxd5 14. e4 Bb7 15. Nxd7 Nxd7 16. e5 Be7 17. Ba3 Rfe8 18. f5 cxd4 19. Rxc8 Qxc8 20. Bxe7 Nxe5 21. f6 Nxd3 22. Qg4 g6 23. Qh3 Qc6 24. Nf3 Qe4 1/2-1/2

[Event "Pocos de Caldas op"]
[Site "Pocos de Caldas"]
[Date "2017.03.11"]
[Round "4"]
[White "Aranha Filho, Alvaro Zimmermann"]
[Black "Lima, Valdenicio Marcelin"]
[Result "1-0"]
[WhiteElo "2327"]
[BlackElo "2020"]
[PlyCount "37"]
[EventDate "2017.03.10"]
[EventType "swiss"]
[EventRounds "6"]
[EventCountry "BRA"]
[SourceTitle "EXT 2018"]
[Source "ChessBase"]
[SourceDate "2017.10.13"]
[SourceVersion "1"]
[SourceVersionDate "2017.10.13"]
[SourceQuality "1"]

1. d4 Nf6 2. c4 g6 3. Nc3 Bg7 4. e4 d6 5. f3 0-0 6. Bg5 a5 7. Qd2 Nbd7 8. Nge2 e5 9. d5 Nc5 10. g4 c6 11. h4 Qc7 12. Ng3 Re8 13. h5 Rb8 14. Bh6 Bh8 15. Nf5 cxd5 16. cxd5 Bd7 17. Qg5 b5 18. Bg7 b4 19. Bxh8 1-0

[Event "Paulista-chT"]
[Site "Sao Paolo"]
[Date "2011.03.12"]
[Round "5.3"]
[White "Assumpcao, Roberto"]
[Black "Lima, Valdenicio Marcelin"]
[Result "1-0"]
[WhiteElo "2285"]
[BlackElo "2031"]
[PlyCount "59"]
[EventDate "2011.02.26"]
[EventType "team-tourn"]
[EventRounds "7"]
[EventCountry "BRA"]
[SourceTitle "CBM 141 Extra"]
[Source "ChessBase"]
[SourceDate "2011.05.03"]
[SourceVersion "1"]
[SourceVersionDate "2011.05.03"]
[SourceQuality "1"]
[WhiteTeam "CXS"]
[BlackTeam "Sorocaba/Unimed"]
[WhiteTeamCountry "BRA"]
[BlackTeamCountry "BRA"]

1. e4 c5 2. Nf3 d6 3. d4 cxd4 4. Nxd4 Nf6 5. Nc3 g6 6. f4 Bg7 7. e5 dxe5 8. fxe5 Bg4 9. Bb5+ Nbd7 10. Qd3 Ng8 11. 0-0 Bxe5 12. h3 Bxh3 13. gxh3 Ngf6 14. Bh6 Qc7 15. Nde2 0-0-0 16. Qe3 Nb6 17. Bf4 Bxf4 18. Qxf4 Qc5+ 19. Qf2 Qg5+ 20. Qg3 Qc5+ 21. Kh1 Nbd5 22. Rf3 Ne4 23. Nxe4 Qxb5 24. N4c3 Qc6 25. Nd4 Qd6 26. Qxd6 Rxd6 27. Rxf7 a6 28. Re1 Nb4 29. Nb3 Nxc2 30. Rexe7 1-0